| 000 | 00495nam a2200169 i 4500 | ||
|---|---|---|---|
| 001 | 58235 | ||
| 003 | ES-MaACL | ||
| 005 | 20230906163745.0 | ||
| 007 | t| | ||
| 008 | 031021s1949 sp ||||1| spa d | ||
| 100 | 1 |
_aDurán, G. _946183 |
|
| 245 | 1 | 0 |
_aElaboración del aceite de oliva _b: (olivicultura) / _cG. Durán. |
| 260 |
_aBarcelona : _bSerrahima y Urpi, _c1949. |
||
| 300 |
_a250 p. : _bil. ; _c22 cm. |
||
| 650 |
_aAceite de oliva- _xElaboración. _9171210 |
||
| 852 |
_aES-MaACL _jD-7830 |
||
| 999 |
_c58235 _d58235 |
||